Statistics for Lyrics - Paul Simon - America

Click here to take the quiz!

General Stats

  • This quiz has been taken 199 times
  • The average score is 146 of 185

Answer Stats

Answer% Correct
a
99%
America
99%
I
99%
to
99%
for
98%
the
97%
we
96%
look
94%
in
93%
me
93%
be
91%
on
91%
an
90%
is
90%
my
86%
real
86%
said
86%
was
84%
all
83%
camera
83%
cigarette
83%
one
83%
she
83%
her
82%
really
82%
and
81%
come
81%
so
81%
last
80%
spy
80%
bowtie
79%
I've
79%
smoked
79%
his
78%
man
78%
us
78%
ago
77%
hour
77%
Let
77%
there's
77%
think
77%
our
76%
careful
75%
New
75%
Jersey
74%
lovers
74%
raincoat
74%
together
74%
got
73%
here
73%
bag
71%
suit
71%
turnpike
71%
marry
70%
of
70%
some
70%
bus
69%
estate
69%
fortunes
69%
we'll
69%
at
68%
Cathy
68%
I'm
68%
over
68%
they've
68%
it
67%
knew
67%
read
67%
sleeping
67%
like
66%
gone
65%
know
65%
why
65%
cars
64%
field
64%
from
64%
magazine
64%
though
64%
don't
63%
dream
63%
looked
63%
open
63%
scenery
63%
took
63%
toss
63%
with
63%
now
62%
Pittsburgh
62%
as
61%
counting
61%
Greyhound
61%
lost
61%
seems
60%
cigarettes
59%
hitchhike
59%
playing
59%
days
58%
Michigan
58%
moon
58%
pack
58%
aching
57%
boarded
57%
faces
57%
four
57%
games
57%
off
56%
rose
56%
bought
55%
laughing
53%
empty
51%
Mrs
51%
pies
51%
Saginaw
50%
walked
50%
Wagner's
40%
gabardine
37%

Score Distribution

Percentile by Number Answered

Percent of People with Each Score

Your Score History

You have not taken this quiz